Mapa físico político continente América del Sur (Registro nro. 12192)
[ vista simple ]
| 000 -CABECERA | |
|---|---|
| campo de control de longitud fija | 00395nem a22001457a 4500 |
| 005 - FECHA Y HORA DE ACTUALIZACIÓN | |
| campo de control | 20190812190007.0 |
| 008 - LONGITUD FIJA | |
| campo de control de longitud fija | 190801b xxu||||| |||| 00| 0 spa d |
| 041 ## - IDIOMA | |
| Código de idioma del texto/pista de sonido o título separado | |
| 082 ## - CLASIFICACIÓN DECIMAL DEWEY | |
| Número de clasificación | Mapas |
| 245 ## - TÍTULO PROPIAMENTE DICHO | |
| Título | Mapa físico político continente América del Sur |
| 650 ## - Materia General | |
| Materia general | AMÉRICA DEL SUR |
| 650 ## - Materia General | |
| Materia general | MAPA FÍSICO POLÍTICO |
| 650 ## - Materia General | |
| Materia general | MATERIAL DIDÁCTICO |
| 942 ## - Punto de Acceso Adicional Koha | |
| Tipo de ítem Koha | Mapa |
| Estado perdido | Estado dañado | No para préstamo | Biblioteca permanente | Biblioteca actual | Signatura completa | Código de barras | Tipo de ítem | Nota pública |
|---|---|---|---|---|---|---|---|---|
| Departamento de Biblioteca y Documentación Alfonso Chase Brenes | Departamento de Biblioteca y Documentación Alfonso Chase Brenes | Mapas | MAS01 | Mapa | Gaveta 2 |